[Event "XXXIII Lower Silesian Cup 2017"]
[Site "Legnica"]
[Date "2017.12.08"]
[Round "2"]
[White "Tomczak, Mikolaj"]
[Black "Grela, Kacper"]
[Result "1/2-1/2"]
[WhiteElo "2372"]
[BlackElo "2293"]
[Annotator "RC"]
[PlyCount "121"]
[EventDate "2017.??.??"]
[EventType "tourn"]
[EventCountry "POL"]
[SourceTitle "playchess.com"]
[Source "ChessBase"]
[SourceQuality "1"]
[TimeControl "40/5400+30:900+30"]

1. e4 {[%emt 0:00:00]} e5 {[%emt 0:00:22]} 2. Nf3 {[%emt 0:00:00]} Nf6 {[%emt 0:00:05]} 3. Nxe5 {[%emt 0:00:00]} d6 {[%emt 0:00:06]} 4. Nf3 {[%emt 0:00:05]} Nxe4 {[%emt 0:00:07]} 5. Nc3 {[%emt 0:00:26]} Nxc3 {[%emt 0:00:09]} 6. dxc3 {[%emt 0:00:06]} Be7 {[%emt 0:00:14]} 7. Be3 {[%emt 0:00:35]} O-O {[%emt 0:01:02]} 8. Qd2 {[%emt 0:00:57]} Nd7 {[%emt 0:02:27]} 9. O-O-O {[%emt 0:03:19]} Ne5 {[%emt 0:02:09]} 10. h4 {[%emt 0:07:53]} a5 {[%emt 0:12:42]} 11. Kb1 {[%emt 0:04:30]} a4 {[%emt 0:00:32]} 12. a3 {[%emt 0:07:42]} Ra5 {[%emt 0:04:50]} 13. h5 {[%emt 0:10:37]} Bg4 {[%emt 0:11:07]} 14. Be2 {[%emt 0:03:31]} Qc8 {[%emt 0:03:46]} 15. c4 {[%emt 0:14:16]} b6 {[%emt 0:07:02]} 16. h6 {[%emt 0:11:44]} g6 {[%emt 0:02:05]} 17. Nxe5 {[%emt 0:08:18]} Rxe5 {[%emt 0:07:09]} 18. Bxg4 {[%emt 0:03:32]} Qxg4 {[%emt 0:01:44]} 19. Qc3 {[%emt 0:02:15]} f6 {[%emt 0:05:10]} 20. Bd4 {[%emt 0:03:58]} Re6 {[%emt 0:04:53]} 21. f3 {[%emt 0:02:25]} Qf4 {[%emt 0:03:30]} 22. c5 {[%emt 0:04:49]} d5 {[%emt 0:09:04]} 23. cxb6 {[%emt 0:00:19]} cxb6 {[%emt 0:00:45]} 24. Rhe1 {[%emt 0:01:16]} Rxe1 {[%emt 0:03:28]} 25. Rxe1 {[%emt 0:00:28]} Bd8 {[%emt 0:02:30]} 26. Be3 {[%emt 0:03:28]} Qc4 {[%emt 0:02:14]} 27. Qd2 {[%emt 0:01:02]} Bc7 {[%emt 0:02:04]} 28. Bd4 {[%emt 0:01:34]} Qc6 {[%emt 0:03:38]} 29. Re7 {[%emt 0:02:05]} Rf7 {[%emt 0:02:31]} 30. Qe3 {[%emt 0:00:54]} Be5 {[%emt 0:02:03]} 31. Rxf7 {[%emt 0:01:10]} Kxf7 {[%emt 0:00:06]} 32. Bxe5 {[%emt 0:00:59]} fxe5 {[%emt 0:00:03]} 33. Qxe5 {[%emt 0:00:09]} Qc4 {[%emt 0:00:12]} 34. Qe1 {[%emt 0:01:14]} g5 {[%emt 0:02:43]} 35. g4 {[%emt 0:00:56]} Kf6 {[%emt 0:01:07]} 36. Qf2 {[%emt 0:00:38]} b5 {[%emt 0:01:25]} 37. Kc1 {[%emt 0:00:39]} Qf4+ {[%emt 0:01:27]} 38. Kd1 {[%emt 0:00:23]} d4 {[%emt 0:00:03]} 39. Qe2 {[%emt 0:00:43]} Qg3 {[%emt 0:01:05]} 40. Kd2 {[%emt 0:00:00]} Qf4+ {[%emt 0:02:16]} 41. Kd3 {[%emt 0:07:30]} Qc1 {[%emt 0:02:10]} 42. Kxd4 {[%emt 0:05:55]} Qxb2+ {[%emt 0:07:27]} 43. Kd5 {[%emt 0:00:04]} Qa2+ {[%emt 0:00:22]} 44. Kd6 {[%emt 0:00:16]} Kg6 {[%emt 0:01:28]} 45. Qe8+ {[%emt 0:03:26]} Kxh6 {[%emt 0:00:27]} 46. Qf8+ {[%emt 0:00:53]} Kg6 {[%emt 0:00:17]} 47. Qf5+ {[%emt 0:00:12]} Kg7 {[%emt 0:00:06]} 48. Qxg5+ {[%emt 0:00:29]} Kf7 {[%emt 0:00:31]} 49. Qf5+ {[%emt 0:00:31]} Kg7 {[%emt 0:00:28]} 50. Qd3 {[%emt 0:01:06]} Qb2 {[%emt 0:03:46]} 51. Kc5 {[%emt 0:00:36]} b4 {[%emt 0:01:27]} 52. Qd7+ {[%emt 0:00:11]} Kg6 {[%emt 0:00:23]} 53. Qf5+ {[%emt 0:00:18]} Kg7 {[%emt 0:00:15]} 54. Qg5+ {[%emt 0:00:20]} Kf7 {[%emt 0:00:20]} 55. Qf4+ {[%emt 0:00:16]} Kg6 {[%emt 0:00:24]} 56. Qe4+ {[%emt 0:01:19]} Kg5 {[%emt 0:00:58]} 57. Qxb4 {[%emt 0:00:34]} Qxc2+ {[%emt 0:00:08]} 58. Kb5 {[%emt 0:00:24]} Qb3 {[%emt 0:00:46]} 59. Ka5 {[%emt 0:00:42]} Qxf3 {[%emt 0:00:26]} 60. Qxa4 {[%emt 0:00:25]} Qxg4 {[%emt 0:00:24]} 61. Qe8 1/2-1/2

[Event "XXXIII Lower Silesian Cup 2017"]
[Site "Legnica"]
[Date "2017.12.08"]
[Round "3"]
[White "Czarnota, Pawel"]
[Black "Sieciechowicz, Marcin"]
[Result "1-0"]
[WhiteElo "2556"]
[BlackElo "2387"]
[Annotator "TA"]
[PlyCount "63"]
[EventDate "2017.??.??"]
[EventType "tourn"]
[EventCountry "POL"]
[SourceTitle "playchess.com"]
[Source "ChessBase"]
[SourceQuality "1"]

{[%evp 17,63,30,38,21,22,21,23,25,32,21,69,52,75,34,48,20,49,46,44,47,39,48,37,47,48,48,33,38,25,33,45,48,56,15,30,18,35,14,8,0,46,38,29,21,22,41,795,784]} 1. e4 {[%cal Be2e4,Be4e5][%mdl 32]} e6 2. d4 d5 3. Nd2 Nf6 4. e5 Nfd7 5. Bd3 c5 6. c3 b6 7. Nh3 Ba6 8. Bxa6 Nxa6 9. O-O Be7 {LiveBook: 12 Games. C06: French Tarrasch: 3...Nf6 4 e5 Nfd7 5 Bd3 main lines} (9... Nc7 10. Qg4 c4 11. Nf4 b5 12. b3 g6 13. a4 a6 14. h4 h5 15. Qh3 Be7 16. bxc4 bxc4 17. Nf3 Rb8 {1-0 (59) Efimenko,Z (2689)-Socko,B (2635) Lublin 2012}) 10. a3 $146 {[%cal Ba2a3,Ba3a4][%mdl 32]} ({Predecessor:} 10. Qg4 O-O 11. Nf3 Kh8 12. Nf4 Rc8 13. Rd1 cxd4 14. cxd4 Re8 15. Nh5 Bf8 16. Ng5 Kg8 17. Nxh7 Kxh7 {1-0 (31) Brodda,W (2536)-Dhanish,P (2559) ICCF email 2008}) 10... O-O 11. Qg4 Nc7 {The position is equal.} 12. Nf4 Rc8 13. Re1 Re8 14. Nf3 a5 15. a4 (15. Nh5 $5 {[%cal Rg4g7]} g6 16. Bh6 $14) 15... Nf8 16. h4 cxd4 17. Nxd4 Bxh4 18. Nc6 Qd7 $1 (18... Qg5 $6 19. Qh3 $16) 19. Na7 ({Much weaker is} 19. Nh5 Ng6 $11) 19... Ra8 {aiming for ...Be7.} 20. Qxh4 {Threatens to win with Nb5.} Rxa7 21. Nh5 $1 {[%cal Rh5g7] Black must now prevent Nxg7!} Ng6 {[#]} 22. Qf6 $1 {[%mdl 512]} gxf6 23. Nxf6+ Kg7 24. Nxd7 Rb7 25. b4 Na6 26. Nf6 $36 {[%mdl 2048] White is more active.} Rc8 27. Rb1 Rbc7 28. Bd2 Nb8 29. bxa5 bxa5 30. Rb5 Rc4 31. Rb7 R4c7 $2 {[%mdl 8192] [#]} (31... Nc6 $14) 32. Rxc7 {Precision: White = 54%, Black = 50%.} 1-0

[Event "XXXIII Lower Silesian Cup 2017"]
[Site "Legnica"]
[Date "2017.12.08"]
[Round "3"]
[White "Kriebel, Tadeas"]
[Black "Tomczak, Mikolaj"]
[Result "1-0"]
[WhiteElo "2515"]
[BlackElo "2372"]
[Annotator "TA"]
[PlyCount "67"]
[EventDate "2017.??.??"]
[EventType "tourn"]
[EventCountry "POL"]
[SourceTitle "playchess.com"]
[Source "ChessBase"]
[SourceQuality "1"]

{[%evp 16,67,25,19,22,20,38,25,29,23,31,0,10,0,0,0,0,0,0,0,20,29,20,25,18,21,12,0,1,1,1,14,103,98,276,0,0,0,21,0,0,0,14,0,1,9,14,0,8,0,0,0,2608,2466]} 1. e4 c5 2. Nf3 Nc6 3. d4 cxd4 4. Nxd4 e6 5. Nc3 Qc7 6. Be3 a6 7. Be2 Nf6 8. a3 Be7 9. f4 d6 {B48: Sicilian: Taimanov: 5 Nc3 Qc7 6 Be3 a6 without Be2} 10. g4 Nxd4 (10... d5 11. e5 Nd7 12. Bf3 Nb6 13. Bf2 Nc4 14. b3 Nxa3 15. Nce2 Nxd4 16. Nxd4 {0-1 (68) Vavulin,M (2582)-Grachev,B (2628) Moscow 2016}) 11. Qxd4 e5 {White has an edge.} 12. Qd3 Bxg4 13. Bxg4 Nxg4 14. O-O-O {[%cal Ba1d1,Bd1d2,Bd2d6][%mdl 32]} Nxe3 15. Qxe3 exf4 16. Qxf4 Rc8 17. Rd2 Qd8 $146 18. Rg1 Bf6 19. Rxd6 Qe7 $1 20. Nd5 Be5 21. Qf5 Rxc2+ $1 22. Kxc2 Qxd6 23. Rg5 {Qc8+ would kill now.} Qc6+ (23... Bf6 $11 {keeps the balance.} 24. Rg2 (24. Nxf6+ gxf6 25. Qc8+ Qd8 $11) 24... Qe5 25. Nxf6+ Qxf6) 24. Kb1 $16 {[%mdl 1024] White has strong compensation.} Bd4 $2 {[#]} (24... Bxh2 $16 {is a better defense.} 25. Rg2 (25. Rxg7 Qe6 $14) 25... Qe6) 25. Qf4 $2 (25. Rg3 $1 $18) 25... h6 $11 26. Rf5 f6 $1 {With the idea ...Kf7.} 27. Qg3 Kf7 {Strongly threatening ...Rc8.} 28. Qb3 $1 {Nxf6+ is the strong threat.} Kf8 29. Qb4+ Bc5 $132 {[%mdl 2048] Black puts up resistance} 30. Qc3 {[%cal Rd5f6] Black must now prevent Nxf6.} Bd6 {Hoping for ...Qxc3.} 31. Qf3 Ke8 32. Qg4 Qd7 33. Nb6 h5 $2 {[%mdl 8192] [#]} (33... Qe6 $11 34. Qg6+ Qf7) 34. Re5+ $1 {[%mdl 512] Precision: White = 56%, Black = 61%.} 1-0

[Event "XXXIII Lower Silesian Cup 2017"]
[Site "Legnica"]
[Date "2017.12.08"]
[Round "3"]
[White "Kislinsky, Alexey"]
[Black "Cyborowski, Lukasz"]
[Result "1/2-1/2"]
[WhiteElo "2513"]
[BlackElo "2514"]
[Annotator "TA"]
[PlyCount "60"]
[EventDate "2017.??.??"]
[EventType "tourn"]
[EventCountry "POL"]
[SourceTitle "playchess.com"]
[Source "ChessBase"]
[SourceQuality "1"]

{[%evp 15,60,3,12,0,0,0,-7,-11,0,-37,-27,-90,-20,-38,-38,-38,-38,-38,-38,-38,-29,-43,-43,-47,-47,-47,-47,-50,-56,-62,-42,-43,-42,-43,-50,-48,-58,-70,-14,-30,0,0,0,-8,-8,-8,-8]} 1. e4 e5 2. Nf3 Nf6 3. Nxe5 d6 4. Nf3 Nxe4 5. c4 Nc6 6. Nc3 Nxc3 7. dxc3 Be7 8. Bf4 {C42: Petroff Defence: 3 Nxe5 and unusual White 3rd moves} (8. Qc2 Be6 9. Bf4 g5 10. Be3 Bf6 11. Bd3 Qe7 12. O-O O-O-O 13. Be4 d5 14. cxd5 Bxd5 15. Bxd5 Rxd5 {1-0 (50) Ortiz Suarez,I (2578)-Dragun,K (2599) Varadero 2016}) 8... Bf5 {LiveBook: 4 Games} 9. Qd2 Qd7 $146 ({Predecessor:} 9... O-O 10. O-O-O Bf6 11. Rg1 Bg6 12. g4 Ne5 13. Be2 Nxf3 14. Bxf3 Qd7 15. b3 {1-0 (26) Velimirovic,D (2471)-Vulinovic,R (2224) Budva 2003}) 10. O-O-O O-O-O 11. h3 h6 12. g4 Be4 13. Bg2 (13. Bd3 $11 {remains equal.} Bxd3 14. Qxd3) 13... g5 (13... f5 $17 14. Rde1 Bf6) 14. Be3 f5 15. gxf5 Qxf5 16. Nd4 Nxd4 17. Bxe4 Qxe4 18. Bxd4 Rh7 19. Rhe1 ({But not} 19. Bxa7 b6 $17) 19... Qf5 20. Be3 ({Much worse is} 20. Bxa7 b6 $17) 20... Rf8 {[%cal Bd8f8,Bf8f5,Bf5f3][%mdl 32]} 21. Qd4 b6 22. a4 Kb8 23. Qg4 h5 24. Qxf5 Rxf5 25. Rd5 Rf3 26. Rh1 Rhf7 (26... Bf6 $15) 27. Kd1 R3f5 28. Ke2 {The position is equal.} Kc8 29. Rg1 Kd7 30. Rxf5 Rxf5 {Precision: White = 46%, Black = 63%.} 1/2-1/2

[Event "XXXIII Lower Silesian Cup 2017"]
[Site "Legnica"]
[Date "2017.12.08"]
[Round "3"]
[White "Simacek, Pavel"]
[Black "Teclaf, Pawel"]
[Result "1/2-1/2"]
[WhiteElo "2490"]
[BlackElo "2393"]
[Annotator "TA"]
[PlyCount "62"]
[EventDate "2017.??.??"]
[EventType "tourn"]
[EventCountry "POL"]
[SourceTitle "playchess.com"]
[Source "ChessBase"]
[SourceQuality "1"]

{[%evp 15,62,39,46,40,55,52,72,82,76,72,83,94,96,82,85,101,323,320,329,313,301,87,87,71,87,6,12,27,41,2,2,2,2,2,2,2,0,1,6,11,18,0,8,-18,-8,-24,-8,-8,-8]} 1. d4 Nf6 2. Bg5 e6 3. e4 h6 4. Bxf6 Qxf6 5. Nc3 d6 6. Qd2 Qe7 {A45: Trompowsky Attack} (6... c6 7. O-O-O e5 8. Nge2 g6 9. f4 Bg7 10. h3 h5 11. g3 h4 12. g4 exf4 13. e5 Qd8 14. exd6 Bh6 {1-0 (54) Gareev,T (2611)-Berkes,F (2644) London 2016}) 7. f4 g6 8. Nf3 Bg7 {LiveBook: 7 Games. White is slightly better.} 9. e5 O-O 10. Bd3 $146 ({Predecessor:} 10. O-O-O a6 11. g4 b5 12. Bg2 b4 13. Ne2 {1-0 (43) Gansvind,V (2238)-Chasovnikova,E (2185) Moscow 2000}) 10... Rd8 11. Ne4 b6 12. h4 Ba6 13. Bxa6 Nxa6 14. h5 dxe5 15. fxe5 ({But not} 15. Nxe5 $6 f5 $11) 15... Nc5 $2 {[#]} (15... g5 $16) 16. Nf6+ $1 $18 {[%mdl 512]} Bxf6 17. exf6 Qxf6 18. hxg6 $2 (18. Qxh6 $18 {is the precise move to win.} Rxd4 19. Nxd4 Qxd4 20. hxg6 Qe5+ 21. Kf1) 18... Qxg6 $16 19. O-O-O {Hoping for Qf4.} Ne4 20. Qxh6 (20. Qe3 $16 Kg7 21. Kb1) 20... Qxh6+ $11 21. Rxh6 Kg7 22. Rdh1 {Threatening Rh7+.} Rh8 $1 $132 {[%cal Rh8h6][%mdl 2048] Black is not keeping still} 23. Rxh8 Rxh8 24. Rxh8 Kxh8 {[%mdl 4096] Endgame KN-KN} 25. Kd1 Kg7 26. Ke2 Kf6 27. Ke3 Ng3 28. Kf4 Ne2+ 29. Kg4 Ke7 30. a3 Kd6 31. c3 f5+ {Precision: White = 58%, Black = 54%.} 1/2-1/2

[Event "XXXIII Lower Silesian Cup 2017"]
[Site "Legnica"]
[Date "2017.12.08"]
[Round "3"]
[White "Grela, Kacper"]
[Black "Simantsev, Mikhail"]
[Result "1/2-1/2"]
[WhiteElo "2293"]
[BlackElo "2490"]
[Annotator "TA"]
[PlyCount "60"]
[EventDate "2017.??.??"]
[EventType "tourn"]
[EventCountry "POL"]
[SourceTitle "playchess.com"]
[Source "ChessBase"]
[SourceQuality "1"]

{[%evp 22,60,35,18,25,14,13,16,43,42,51,-10,46,41,34,26,31,9,27,9,32,38,72,0,3,0,0,-21,-19,-19,0,0,0,0,0,0,0,0,0,0,0]} 1. e4 c5 2. c3 Nf6 3. e5 Nd5 4. d4 cxd4 5. Nf3 e6 6. cxd4 d6 7. Bc4 Nc6 8. O-O Be7 9. exd6 Qxd6 10. Nc3 Nxc3 11. bxc3 O-O 12. Bd3 b6 {B22: Sicilian: 2 c3} 13. Ng5 $146 ({Predecessor:} 13. Qc2 g6 14. Bh6 Re8 15. Be4 Bb7 16. Ne5 Nxe5 17. Bf4 Bxe4 18. Qxe4 Qc6 19. Qxe5 Rad8 20. Qe2 {½-½ (76) Sosa,T (2451)-Zapata,A (2418) chess.com INT 2017}) 13... Bxg5 14. Bxg5 Bb7 15. Qh5 {[%csl Gd3][%cal Rh5h7] [#]} f5 16. Qe2 ({Better is} 16. Rfe1 $14) 16... Rfe8 ({Black should play} 16... e5 $11) 17. Rfe1 Na5 18. Rac1 Rac8 {[%cal Ba8c8,Bc8c7,Bc7d7][%mdl 32]} 19. Bb5 Bc6 20. Ba6 Rc7 (20... Bb7 {keeps more tension.} 21. Bd3 Qc7 22. Qh5 Qf7 23. Qh3 Nc4) 21. f3 Qd5 22. Qf2 (22. Bf4 $16 Rce7 23. Qb2) 22... Nc4 $11 {The position is equal.} 23. Bxc4 Qxc4 24. Re5 Bd5 25. Bf4 Rd7 26. Re2 Rc8 27. h4 Qd3 28. Rd2 Qb5 29. h5 h6 30. Rb2 Qa4 {Precision: White = 57%, Black = 66%.} 1/2-1/2

[Event "XXXIII Lower Silesian Cup 2017"]
[Site "Legnica"]
[Date "2017.12.09"]
[Round "4"]
[White "Simacek, Pavel"]
[Black "Grela, Kacper"]
[Result "1-0"]
[WhiteElo "2490"]
[BlackElo "2293"]
[Annotator "TA"]
[PlyCount "103"]
[EventDate "2017.??.??"]
[EventType "tourn"]
[EventCountry "POL"]
[SourceTitle "playchess.com"]
[Source "ChessBase"]
[SourceQuality "1"]

{[%evp 16,103,-11,-25,-14,-25,-11,-37,0,-16,-18,-27,-5,-32,0,0,0,-16,22,23,12,16,14,20,22,22,21,27,26,17,24,20,30,17,17,0,11,0,58,33,32,33,212,210,190,152,234,157,163,161,168,157,162,155,154,154,281,293,346,343,336,332,309,200,547,409,379,372,415,408,419,427,714,627,792,795,739,707,838,798,776,509,1893,1618,29987,29986,29992,29993,29993,29992]} 1. d4 d5 2. Bg5 Nf6 3. Bxf6 gxf6 4. e3 c5 5. dxc5 e6 6. c4 {D00: 1 d4 d5: Unusual lines} dxc4 7. Qxd8+ (7. Nd2 c3 8. bxc3 Bxc5 9. Ngf3 Qc7 10. Bd3 Nd7 11. O-O b6 12. Nd4 Bb7 13. Nb5 Qb8 {0-1 (50) Artemiev,V (2692)-Dubov,D (2666) Sochi 2017}) 7... Kxd8 8. Bxc4 Bxc5 9. Ne2 {LiveBook: 3 Games} a6 $146 ({Predecessor:} 9... Ke7 10. Nbc3 Nc6 11. Nf4 Bd7 12. Ke2 a6 13. Rac1 Ba7 {0-1 (59) Zubcu,V (2099)-Tarlev,K (2559) Slanic Moldova 2017}) 10. Nbc3 Nc6 11. Nf4 Be7 12. O-O-O+ Kc7 13. Be2 b6 14. Bf3 Re8 15. Rd2 Bb7 16. Rhd1 {And now Rd7+ would win.} Rad8 17. Ncd5+ exd5 18. Nxd5+ {[#]} Rxd5 $1 19. Bxd5 (19. Rxd5 Ne5) 19... Ne5 20. Rc2+ Kb8 21. Bxb7 Kxb7 22. f4 Ng6 23. Rd7+ Kb8 24. Rcc7 Rc8 25. Rxc8+ Kxc8 26. Ra7 {[#] aiming for f5.} Bc5 (26... Kb8 $11 27. Rd7 (27. Rxa6 Bc5 $14) 27... Kc8) 27. Rxf7 Bxe3+ 28. Kc2 {Strongly threatening g3.} h5 $2 ({Black should play} 28... Bxf4 $14 29. Rxf6 (29. Rxh7 Nf8 $11) 29... Bxh2) 29. g3 $18 {[%mdl 1024] White has strong compensation.} ({Don't take} 29. Rxf6 $6 Nxf4 30. g3 Nd5 $16) 29... Bg1 30. h3 Bf2 (30... Bd4 $16 31. f5 Ne5 32. Rxf6 Kd7) 31. Rg7 Nf8 32. Rg8 Bc5 33. Rh8 Kd7 34. Rxh5 Bf2 35. g4 Kd6 (35... Bg3 $16) 36. Kd3 Ne6 37. Ke4 Bg3 38. Rh6 Ke7 39. f5 Nf4 $2 (39... Nd8 {is a better chance.} 40. g5 Nf7) 40. h4 {[%cal Bh3h4,Bh4g5,Bg5g6,Bg6g7][%mdl 32]} Nh3 41. Kd5 Kf7 42. Kc6 Bf2 43. b4 Ng1 (43... a5 $142 44. b5 Bd4 45. Rh7+ Kf8) 44. g5 fxg5 45. hxg5 Nf3 46. Rf6+ Ke7 47. Re6+ Kd8 48. Rd6+ Ke8 (48... Ke7 $142 49. g6 Nd4+ 50. Kd5 Nxf5) 49. g6 a5 50. Kd5 {White mates.} Nd4 51. g7 Kf7 52. f6 {Precision: White = 68%, Black = 33%.} 1-0

[Event "XXXIII Lower Silesian Cup 2017"]
[Site "Legnica"]
[Date "2017.12.09"]
[Round "4"]
[White "Simantsev, Mikhail"]
[Black "Kriebel, Tadeas"]
[Result "1-0"]
[WhiteElo "2490"]
[BlackElo "2515"]
[Annotator "TA"]
[PlyCount "87"]
[EventDate "2017.??.??"]
[EventType "tourn"]
[EventCountry "POL"]
[SourceTitle "playchess.com"]
[Source "ChessBase"]
[SourceQuality "1"]

{[%evp 10,87,40,36,53,47,50,32,50,52,39,40,37,24,31,48,54,53,55,28,50,41,52,42,47,39,37,25,56,68,83,19,107,111,98,98,124,141,203,210,198,205,222,212,241,167,167,183,162,29,18,0,0,-118,170,166,183,132,586,550,1015,1002,937,878,874,632,794,382,29989,29990,29990,29991,29991,29992,29992,29993,29993,29991,29991,29992]} 1. d4 d5 2. c4 dxc4 3. Nf3 Nf6 4. e3 Bg4 5. Bxc4 e6 6. O-O Nc6 {D25: Queen's Gambit Accepted: 4 e3: sidelines and 4...Bg4} 7. Nbd2 a6 8. h3 (8. b3 Bd6 9. Bb2 O-O 10. Be2 h6 11. Rc1 Nd5 12. Ne4 Qe7 13. h3 Bf5 14. Nfd2 {1-0 (40) Popilski,G (2542)-Antal,G (2545) Philadelphia 2016}) 8... Bh5 {White is slightly better.} 9. Be2 Bd6 10. Nc4 O-O 11. b3 b5 12. Ncd2 Nd5 {[#] And now ...Nc3 would win.} 13. Bb2 f5 $146 ({Predecessor:} 13... Bg6 14. g3 Nf6 15. Nh4 Ne7 {½-½ (36) Sargsyan,A (2047)-Tiraturyan,D (2316) Yerevan 2017}) 14. Rc1 Nce7 15. Ng5 Bxe2 16. Qxe2 Qd7 17. Ngf3 (17. Qh5 $2 h6 $19) 17... Qe8 18. Ne5 Bxe5 19. dxe5 f4 20. Qg4 (20. e4 $16 f3 21. Nxf3) 20... Ng6 (20... Nc6 $11) 21. e4 $36 {[%mdl 2048] White has strong initiative.} Nb4 22. Rxc7 Nd3 23. Ba1 f3 (23... Rf7 $16 24. Rxf7 Qxf7) 24. Nxf3 $18 Rf4 25. Qg3 Rc8 26. Rxc8 Qxc8 27. Nh4 Qc2 28. Nxg6 hxg6 {[#]} 29. f3 ({But not} 29. Qxg6 $6 Rxf2 30. Rxf2 (30. Qxe6+ Kh7 $11) 30... Qxf2+ 31. Kh2 Qf4+ 32. Qg3 Qxe4 $14) ({White should try} 29. Qe3 $1 $18) 29... Qxa2 $11 30. Bd4 {Black must now prevent Ra1.} Qxb3 31. Ra1 (31. Bc5 $11 {keeps the balance.}) 31... Rf8 $2 {[%mdl 8192]} (31... Qc4 $17 {stays on course.} 32. Be3 b4 33. Qxg6 Rf7) 32. Rxa6 $18 Nf4 33. Kh2 Qd3 $2 {[%mdl 8192]} (33... Ne2 $16 34. Qf2 (34. Qxg6 Nxd4 35. Ra7 Nxf3+ 36. gxf3 Qb2+ 37. Qg2 Qxe5+ 38. Qg3 Qb2+ 39. Qg2 Qe5+ 40. Qg3 Qb2+ 41. Qg2 Qc3 $15) 34... Qc4) 34. Bc5 Rf7 35. Qh4 {Intending Ra8+ and mate.} Nh5 36. Rxe6 Qd2 37. Rxg6 Rxf3 38. Rd6 ({Stronger than} 38. Qxh5 Qf4+ 39. Kh1 Rf1+ 40. Bg1 Qf2 $11) (38. Re6 $142 Qf4+ 39. Qxf4 Rxf4 40. g4) 38... Rxh3+ $2 (38... Qf4+ $18 39. Qxf4 Rxf4 40. Rd8+ Kh7) 39. Kxh3 {White mates.} Nf4+ 40. Kg4 Qxg2+ 41. Kxf4 Qf1+ 42. Bf2 Qc1+ 43. Kf5 Qc8+ 44. e6 {Precision: White = 44%, Black = 44%.} 1-0

[Event "XXXIII Lower Silesian Cup 2017"]
[Site "Legnica"]
[Date "2017.12.09"]
[Round "4"]
[White "Teclaf, Pawel"]
[Black "Cyborowski, Lukasz"]
[Result "1/2-1/2"]
[WhiteElo "2393"]
[BlackElo "2514"]
[Annotator "TA"]
[PlyCount "67"]
[EventDate "2017.??.??"]
[EventType "tourn"]
[EventCountry "POL"]
[SourceTitle "playchess.com"]
[Source "ChessBase"]
[SourceQuality "1"]

{[%evp 26,67,46,45,39,24,41,32,41,45,51,39,43,49,64,36,36,33,33,27,27,29,27,10,31,31,37,31,31,17,32,0,0,0,2,0,8,0,10,3,22,0,29,22]} 1. e4 d6 2. d4 Nf6 3. Nc3 e5 4. Nf3 Nbd7 5. Bc4 Be7 6. O-O O-O 7. Re1 c6 8. a4 a5 9. h3 exd4 10. Nxd4 Nb6 {C41: Philidor-Verteidigung} (10... Nc5 11. Bf4 Be6 12. Bf1 Qb6 13. Qf3 Rfe8 14. b3 d5 15. exd5 Bxd5 16. Nxd5 Nxd5 17. Be5 Bf6 18. Bxf6 Nxf6 19. Bc4 {1-0 (37) Agdestein,S (2626)-Predojevic,B (2614) Norway 2015}) 11. Ba2 d5 12. exd5 Nbxd5 13. Nxd5 Nxd5 14. Bxd5 {LiveBook: 3 Partien} cxd5 15. Bf4 Bc5 16. Nb5 Be6 {[#]} 17. Be3 $146 ({Vorgänger:} 17. Qd3) 17... b6 18. Qd2 Qd7 19. Bd4 Rfe8 20. Qg5 {[%csl Gd4][%cal Rg5g7] [#]} (20. Re3 {seems wilder.} Rac8 21. Bxc5 bxc5 22. Qxa5 d4 23. Re5) 20... Bxd4 21. Nxd4 f6 22. Qd2 Bf7 23. Nb5 Rac8 24. c3 Rcd8 25. Qf4 Qc6 26. Rxe8+ Rxe8 27. Rd1 Re5 28. Rd3 Re4 29. Qb8+ Re8 30. Qf4 Re4 31. Qb8+ Re8 32. Qg3 Re5 33. Re3 Qe6 34. Nd4 {Precision: Weiß = 51%, Schwarz = 45%.} 1/2-1/2

[Event "XXXIII Lower Silesian Cup 2017"]
[Site "Legnica"]
[Date "2017.12.09"]
[Round "4"]
[White "Sieciechowicz, Marcin"]
[Black "Kislinsky, Alexey"]
[Result "1-0"]
[WhiteElo "2387"]
[BlackElo "2513"]
[Annotator "TA"]
[PlyCount "79"]
[EventDate "2017.??.??"]
[EventType "tourn"]
[EventCountry "POL"]
[SourceTitle "playchess.com"]
[Source "ChessBase"]
[SourceQuality "1"]

{[%evp 17,79,22,27,-5,33,15,19,-12,38,38,22,1,10,0,90,94,80,93,109,79,119,146,210,195,192,116,148,110,176,176,176,185,180,164,545,523,747,771,146,1383,1379,1385,1401,1401,1375,1350,1299,1079,1025,1032,1010,1008,858,846,1967,1577,12841,4429,29985,29986,29986,29974,29955,5672]} 1. d4 Nf6 2. c4 c5 3. d5 b5 4. Nf3 g6 5. cxb5 a6 6. b6 Qxb6 7. Nc3 Bg7 {A57: Benko/Volga Gambit} 8. a4 d6 9. Nd2 (9. a5 Qa7 10. Nd2 O-O 11. Nc4 Nbd7 12. e4 Ne8 13. Bd3 Rb8 14. O-O Nc7 15. f4 Nb5 {0-1 (36) Rios,C (2436)-Ramirez,A (2566) Panama City 2017}) 9... O-O {LiveBook: 4 Games. The position is equal.} 10. a5 Qd8 11. e4 {[%cal Be2e4,Be4d5][%mdl 32]} e6 $146 ({Predecessor:} 11... Nbd7 12. Be2 Rb8 13. O-O Ne8 14. Nc4 Nc7 15. Na4 Nb5 {0-1 (44) Maccario,M-Sedina,E (2380) Italy 1998}) 12. Be2 exd5 13. exd5 Re8 14. O-O Nbd7 15. Nc4 Ne4 (15... Ne5 $11) 16. Nxe4 $16 Rxe4 17. Nxd6 Rd4 {[#]} 18. Qc2 $1 Nf6 19. Nxc8 ({Worse is} 19. Qxc5 Rxd5 20. Nxf7 (20. Qc6 $2 Bd7 $19) 20... Kxf7 $15) 19... Rxc8 (19... Qxc8 $16 20. Be3 Nxd5) 20. Bxa6 $18 Ra8 21. Bb7 ({Better is} 21. Qxc5 $18 Qxd5 22. Qb5) 21... Rxa5 $16 22. Be3 Ng4 (22... Rb4 $16) 23. Rxa5 $18 Qxa5 24. Bxd4 Bxd4 25. g3 Bxf2+ $2 (25... Ne5 {is tougher.} 26. Bc6 Qb6) 26. Rxf2 Qe1+ 27. Rf1 Qxf1+ 28. Kxf1 Ne3+ {[#]} 29. Ke2 $1 {[%cal Re2e3]} Nxc2 {[%mdl 4096] Endgame KB-KN} 30. Kd3 Ne1+ 31. Kc4 Kf8 32. Kxc5 Ke7 33. Kc6 Kd8 34. b4 {[%cal Bb2b4,Bb4b5,Bb5b6][%mdl 32]} Nd3 35. b5 f5 36. b6 g5 37. Kd6 f4 38. Ba6 {White mates.} Nb4 39. Be2 Kc8 40. Kc5 {Precision: White = 78%, Black = 37%.} 1-0